|
|
|
|
| LEADER |
01030naa a2200217 i 4500 |
| 001 |
acta87867 |
| 005 |
20250605113053.0 |
| 008 |
250605s2025 hu o 100 hun d |
| 020 |
|
|
|a 978-963-688-043-9
|
| 040 |
|
|
|a SZTE Egyetemi Kiadványok Repozitórium
|b hun
|
| 041 |
|
|
|a hun
|
| 100 |
1 |
|
|a Fodor András
|
| 245 |
1 |
3 |
|a Az 1812-1814-es brit-amerikai háború és jelentősége
|h [elektronikus dokumentum] :
|b [absztrakt] /
|c Fodor András
|
| 260 |
|
|
|a Szegedi Tudományegyetem Bölcsészet- és Társadalomtudományi Kar
|b Szeged
|c 2025
|
| 300 |
|
|
|a 537
|
| 490 |
0 |
|
|a Országos Tudományos Diákköri Konferencia : Humán Tudományi Szekció
|
| 650 |
|
4 |
|a Bölcsészettudományok
|
| 650 |
|
4 |
|a Történettudomány és régészet
|
| 695 |
|
|
|a Hadtörténet - brit-amerikai - 1812-1814 - előadáskivonat, Amerikai Egyesült Államok története - 19. sz. - előadáskivonat
|
| 710 |
|
|
|a Országos Tudományos Diákköri Konferencia (37.)
|c Szeged
|
| 856 |
4 |
0 |
|u http://acta.bibl.u-szeged.hu/87867/1/otdk_2025_human_537.pdf
|z Dokumentum-elérés
|